1726 1362 1320 1869 1448 1882 1156 1458 1254 1666 1954 1135 1491 1116 1088 1640 1710 1334 1808 1726 1644 1486 1383 1210 1946 1267 1326 1849 1348 1474 1542 1250 1116 1281 1787 1178 1615 1229 1609 1636 1315 1454 1305 1460 1267 1088 1047 1060 1923 1086 1349 1139 1930 1963 1809 1094 1501 1766 1851 1458 1159 1928 1886 1370 1329 1518 1722 1642 1025 1190 1202 1959 1833 1508 1951 1802 1513 1316 1717 1207 1142 1723 1382 1516 1970 1241 1990 1875 1924 1505 1350 1984 1035 1262 1986 1798 1195 1993 1886 BCNSPRNW ULIB Ver.6.0+V

เปลี่ยนเป็นภาษาไทย

Change to English
 แสดงรายละเอียดบรรณานุกรม
  กลับหน้าหลัก

Brief Record : Get Marc (ISO 2709) : E-mail record : QR code < ปิดหน้าต่าง
LEADER : 00000nam 2200000uu 4500
001    13399124444
003     ULIB
008    150722s2557||||th 000 0 tha d
020    ^a9786162711985
060 04 ^aWE141^bว896
245 00 ^aเวชปฎิบัติออร์โธปิดิกส์ผู้ป่วยนอก /^cบรรณาธิการ, ธีระวิทย์ หงส์นภารักษ์,ปรเมศร์ สุวรรณโณ
260    ^aสงขลา :^bภาควิชาศัลยศาสตร์ออร์โธปิดิกส์และกายภาพบำบัดคณะแพทยศาสตร์ มหาวิทยาลัยสงขลานครินทร์^c2557
300    ^a[10], 363 หน้า :^bภาพประกอบ ;^c21 ซม.
505 0  ^aBack Pain in Children ... Joint and Limb Pain in Children ... Neck Pain and Shooting Arm Pain ... Shoulder Pain ... Elbow Pain ... Hand and Wrist Pain ... Low Back Pain and Shooting Leg Pain ... Hip Pain ... Knee Pain ... Foot Pain
650  2 ^aOrthopedics
650  4 ^aออร์โธปิดิกส์
650  4 ^aศัลยกรรมกระดูก^xการวินิจฉัย
700 0  ^aธีระวิทย์ หงส์นภารักษ์,^eบรรณาธิการ
700 0  ^aปรเมศร์ สุวรรณโณ,^eบรรณาธิการ
700 0  ^aสมจิตต์ วิริยานนท์,^eบรรณาธิการ
945    ^p520^l0^i039572
945    ^p520^l0^i039573
945    ^p520^l0^i039574
945    ^p520^l0^i039575
945    ^p520^l0^i039578
945    ^p520^l0^i039579
945    ^p520^l0^i039580
945    ^p520^l0^i039704
999    ^aเกษร โพธิ์สุวรรณ
รายการนี้ยังไม่มีแท็ก
คุณยังไม่ได้ล็อกอิน คุณสามารถมีกิจกรรมร่วมกับเว็บไซต์ได้ แต่ต้องล็อกอินก่อน ::
  ล็อกอิน

รายการสื่อสารสนเทศ

ลำดับที่ ประเภท เลขเรียก/บาร์โค้ด สถานที่ สถานะ
1. วิทยาศาสตร์การแพทย์ และสุขภาพ
วิทยาศาสตร์การแพทย์ และสุขภาพ
สถานะ=หนังสือเก่า
WE141 ว896 ฉ.1 
  Barcode: 039572
ห้องสมุดวิทยาเขตสวรรค์ประชารักษ์
►ส่วนจัดเก็บหนังสือเก่า สปร
บนชั้น
  ขอยืม
2. วิทยาศาสตร์การแพทย์ และสุขภาพ
วิทยาศาสตร์การแพทย์ และสุขภาพ
สถานะ=หนังสือเก่า
WE141 ว896 ฉ.2 
  Barcode: 039573
ห้องสมุดวิทยาเขตสวรรค์ประชารักษ์
►ส่วนจัดเก็บหนังสือเก่า สปร
บนชั้น
  ขอยืม
3. วิทยาศาสตร์การแพทย์ และสุขภาพ
วิทยาศาสตร์การแพทย์ และสุขภาพ
สถานะ=หนังสือเก่า
WE141 ว896 ฉ.3 
  Barcode: 039574
ห้องสมุดวิทยาเขตสวรรค์ประชารักษ์
►ส่วนจัดเก็บหนังสือเก่า สปร
บนชั้น
  ขอยืม
4. วิทยาศาสตร์การแพทย์ และสุขภาพ
วิทยาศาสตร์การแพทย์ และสุขภาพ
สถานะ=หนังสือเก่า
WE141 ว896 ฉ.4 
  Barcode: 039575
ห้องสมุดวิทยาเขตสวรรค์ประชารักษ์
►ส่วนจัดเก็บหนังสือเก่า สปร
บนชั้น
  ขอยืม
5. วิทยาศาสตร์การแพทย์ และสุขภาพ
วิทยาศาสตร์การแพทย์ และสุขภาพ
สถานะ=หนังสือเก่า
WE141 ว896 ฉ.5 
  Barcode: 039578
ห้องสมุดวิทยาเขตสวรรค์ประชารักษ์
►ส่วนจัดเก็บหนังสือเก่า สปร
บนชั้น
  ขอยืม
6. วิทยาศาสตร์การแพทย์ และสุขภาพ
วิทยาศาสตร์การแพทย์ และสุขภาพ
สถานะ=หนังสือเก่า
WE141 ว896 ฉ.6 
  Barcode: 039579
ห้องสมุดวิทยาเขตสวรรค์ประชารักษ์
►ส่วนจัดเก็บหนังสือเก่า สปร
บนชั้น
  ขอยืม
7. วิทยาศาสตร์การแพทย์ และสุขภาพ
วิทยาศาสตร์การแพทย์ และสุขภาพ
สถานะ=หนังสือเก่า
WE141 ว896 ฉ.7 
  Barcode: 039580
ห้องสมุดวิทยาเขตสวรรค์ประชารักษ์
►ส่วนจัดเก็บหนังสือเก่า สปร
บนชั้น
  ขอยืม
8. วิทยาศาสตร์การแพทย์ และสุขภาพ
วิทยาศาสตร์การแพทย์ และสุขภาพ
สถานะ=หนังสือเก่า
WE141 ว896 ฉ.8 
  Barcode: 039704
ห้องสมุดวิทยาเขตสวรรค์ประชารักษ์
►ส่วนจัดเก็บหนังสือเก่า สปร
บนชั้น
  ขอยืม

รายการใกล้เคียง
    หัวเรื่อง [Orthopedics]
    หัวเรื่อง [ออร์โธปิดิกส์]

BibComment


ยังไม่เคยถูกคอมเมนท์

คอมเมนท์ทรัพยากรรายการนี้
  คอมเมนท์: เวชปฎิบัติออร์โธ..


 Copyright 2026. Bcnsprnw @Library